Islas de los Galápagos - Estadísticas

Estadísticas generales
  • Esta prueba ha sido intentada 614 veces
  • La puntuación promedio es 9 de 14
Respuestas en el mapa
Las respuestas están codificadas por una escala verde-roja en el mapa de la prueba según el % correcto abajo.
 
Estadísticas de respuestas
km2 Isla % Correcto
4640 Isabela
90%
986 Santa Cruz
79%
642 Fernandina
71%
558 San Cristóbal
70%
24 Santa Fe
67%
173 Floreana
66%
60 Española
65%
585 Santiago
64%
60 Pinta
60%
14 Genovesa
58%
4.9 Rábida
58%
21 Baltra
57%
18 Pinzón
56%
130 Marchena
55%
No se encontraron pruebas coincidentes
Distribución de puntuación
Porcentaje de gente con cada puntuación
Porcentaje por número respondido
Historial de tus puntuaciones
No has intentado esta prueba.